00425 a2200109 4500001001000000005001700010008004100027245014900068100002000217773006100237999001700298ART_5125620260410161945.0260409a 10aLa validez de la extinción del contrato de trabajo por mutuo acuerdo mediante escritura pública sin homologación judicial o administrativa1 aRomero, Luis E.0 tTemas de derecho laboralg- N° 10 (oct. 2020)wREV27619 c29900d29900